| 000 | 00687nam a2200193Ia 4500 | ||
|---|---|---|---|
| 003 | GCL | ||
| 005 | 20240530103111.0 | ||
| 008 | 140319s9999 xx 000 0 ara d | ||
| 040 |
_aGCL / _cGCL |
||
| 082 | 0 | 4 |
_a412 _bد ا |
| 100 | 1 | _aعبدالسلام محمد هارون | |
| 245 | 1 | 0 |
_aالاشتقاق / _cتاليف ابى بكر محمد بن الحسن بن دريد ؛ محقق عبدالسلام محمد هارون |
| 260 |
_a[القاهرة] : _bمكتبة الخانجى ، _c1958 |
||
| 300 |
_a713 ص؛ _b24 سم |
||
| 650 | 0 | 4 | _aالاشتقاق |
| 650 | 0 | 4 | _aاللغة العربية |
| 700 | 1 |
_aعبدالسلام محمد هارون _4محقق |
|
| 942 |
_2ddc _cBK |
||
| 999 |
_c36819 _d36819 |
||